| 000 | 00459cam a2200181ua 4500 | ||
|---|---|---|---|
| 001 | 1932 | ||
| 008 | 110811n ii |||gr||||Z||||||eng | ||
| 040 | _cMAIN | ||
| 082 | _a370.1 | ||
| 100 |
_aKar, B. C., _eAuthor. |
||
| 245 | 1 |
_aEdcation : _ba study of its general pronciples / _cby B. C. Kar |
|
| 250 | _a1st. | ||
| 260 |
_aGuahati: _bNew Book stall,969. |
||
| 300 |
_a116p: _c23cm. |
||
| 653 | _aEducation | ||
| 653 | _ageneral pronciples | ||
| 942 | _cBK | ||
| 999 |
_c1807 _d1807 |
||